Možnosti predchádzania plytvaniu potravinami v obchodných prevádzkach bakalárska práca

Saved in:
Bibliographic Details
Main Author: Duhaň, Peter
Corporate Author: Obchodná fakulta EU. Katedra marketingu
Other Authors: Gondárová, Jana, 1983-
Format: Book
Language:Slovak
Published: Bratislava 2022
Tags: Add Tag
No Tags, Be the first to tag this record!

MARC

LEADER 00000nbm a2200000 4500
001 0285862
005 20221128132157.2
041 0 |a slo 
044 |a SK 
245 1 0 |a Možnosti predchádzania plytvaniu potravinami v obchodných prevádzkach  |b bakalárska práca  |c Peter Duhaň ; školiteľ: Jana Gondárová 
264 1 |a Bratislava  |c 2022 
300 |a 55 s. 
100 1 |a Duhaň, Peter 
700 1 |a Gondárová, Jana, 1983- 
710 2 |a Obchodná fakulta EU. Katedra marketingu